Engineering Design : A systematic Approach

This proven and internationally recognized text teaches the methods and ideas of engineering design as a condition of successful product development. It breaks down the design process into phases and then into distinct steps, each with its own working methods. Having established itself, in earlier e...

ver descrição completa

Na minha lista:
Detalhes bibliográficos
Formato: Livro
Idioma:Undetermined
Publicado em: London Springer 2007
Assuntos:
Tags: Adicionar Tag
Sem tags, seja o primeiro a adicionar uma tag!
Thư viện lưu trữ: Trung tâm Học liệu Trường Đại học Cần Thơ
LEADER 01349nam a2200205Ia 4500
001 CTU_144499
008 210402s9999 xx 000 0 und d
020 |c 123.68 
082 |a 620.0042 
082 |b E57 
245 0 |a Engineering Design : 
245 2 |b A systematic Approach 
245 0 |c G. Pahl ... [et al.] 
260 |a London 
260 |b Springer 
260 |c 2007 
520 |a This proven and internationally recognized text teaches the methods and ideas of engineering design as a condition of successful product development. It breaks down the design process into phases and then into distinct steps, each with its own working methods. Having established itself, in earlier editions, as a key text, Engineering Design (3rd edition) is enhanced with more input from practising engineers, providing more examples of product development; it also tightens the scientific bases of its design ideas with new solution fields in composite components, building methods, mechatronics and adaptronics and pays attention to the economic aspects of design and development including quality assurance. The third edition also integrates electronic design process technology into its methods. 
650 |a Engineering design,Kỹ thuật thiết kế 
904 |i Trọng Hải 
980 |a Trung tâm Học liệu Trường Đại học Cần Thơ